Beyoncé - 4 - Statistics

General Stats
  • This quiz has been taken 47 times
  • The average score is 9 of 14
Answer Stats
2011 4 % Correct
4 Countdown
86%
1 Love On Top
86%
7 I Care
75%
9 1+1
71%
8 Rather Die Young
71%
11 Run the World (Girls)
71%
3 Schoolin' Life
68%
10 End of Time
57%
5 I Miss You
57%
14 I Was Here
57%
6 Dance for You
54%
13 Start Over
46%
12 Best Thing I Never Had
39%
2 Party (feat. Andrè 3000)
18%
No matching quizzes found
Score Distribution
Percent of People with Each Score
Percentile by Number Answered
Your Score History
You have not taken this quiz